[Event "ENCI Limburg-open A"]
[Site "Maastricht"]
[Date "2011.06.11"]
[Round "3"]
[White "Shchekachev, Andrei"]
[Black "Klein, David"]
[Result "1-0"]
[WhiteElo "2528"]
[BlackElo "2359"]
[PlyCount "105"]
[EventDate "2011.06.10"]
[EventType "swiss"]
[EventRounds "7"]
[EventCountry "NED"]
[Source "P.Boonen"]
[SourceDate "2012.01.01"]

1. Nf3 Nf6 2. c4 e6 3. Nc3 d5 4. d4 dxc4 5. e4 Bb4 6. Bxc4 Nxe4 7. O-O Nxc3 8.
bxc3 Be7 9. Ne5 O-O 10. Qg4 Bf6 11. Re1 Nc6 12. Nxc6 bxc6 13. Qf3 a5 14. Qxc6
Bd7 15. Qf3 Rb8 16. a4 Rb6 17. Bf4 Qa8 18. Qg3 Rc8 19. Be5 Bxe5 20. Rxe5 Rcb8
21. h4 Rb1+ 22. Rxb1 Rxb1+ 23. Kh2 Bxa4 24. Bd3 Rb2 25. Rg5 Qf8 26. Rxa5 Bc2
27. Bxc2 Rxc2 28. Qxc7 Rb2 29. c4 Rb8 30. c5 h6 31. Ra7 Rc8 32. Qf4 Qe8 33. Rc7
Rd8 34. Rb7 Rc8 35. Qe5 Qd8 36. g3 Qf6 37. Qxf6 gxf6 38. Rb5 Rd8 39. Rb4 Kg7
40. Kg2 e5 41. dxe5 fxe5 42. g4 Rc8 43. Rc4 f5 44. gxf5 Kf6 45. c6 Kxf5 46. Kf3
Rc7 47. Ke3 h5 48. f3 Ke6 49. Ke4 Kd6 50. Rc1 Ke6 51. Rc3 Kd6 52. Kf5 Kd5 53.
Rc1 1-0

[Event "ENCI Limburg-open A"]
[Site "Maastricht"]
[Date "2011.06.11"]
[Round "3"]
[White "Swinkels, Robin"]
[Black "Priebe, Jan"]
[Result "1/2-1/2"]
[WhiteElo "2483"]
[BlackElo "2252"]
[PlyCount "80"]
[EventDate "2011.06.10"]
[EventType "swiss"]
[EventRounds "7"]
[EventCountry "NED"]
[Source "P.Boonen"]
[SourceDate "2012.01.01"]

1. d4 Nf6 2. c4 g6 3. g3 Bg7 4. Bg2 O-O 5. Nf3 d6 6. Nc3 Nc6 7. O-O a6 8. Qd3
e5 9. dxe5 dxe5 10. Qxd8 Rxd8 11. Bg5 Re8 12. Rfd1 h6 13. Bxf6 Bxf6 14. Nd2 Nd4
15. e3 Ne6 16. a4 a5 17. Nb5 Bd8 18. Nb3 Kg7 19. Rac1 Rf8 20. Rd2 Be7 21. c5 c6
22. Nd6 Rd8 23. Rcd1 Kf8 24. Bh3 Bxd6 25. Rxd6 Rxd6 26. cxd6 Ke8 27. Bxe6 Bxe6
28. Nc5 b6 29. Nxe6 fxe6 30. Kg2 Kd7 31. Rd2 Rf8 32. h4 c5 33. e4 Rf7 34. Rd1
g5 35. hxg5 hxg5 36. Rd2 g4 37. Rd3 c4 38. Rc3 Kxd6 39. Rxc4 Rf3 40. b4 Rd3
1/2-1/2

[Event "ENCI Limburg-open A"]
[Site "Maastricht"]
[Date "2011.06.11"]
[Round "3"]
[White "Tomov, Georgi"]
[Black "Jagodzinski, Andreas"]
[Result "1-0"]
[WhiteElo "2278"]
[BlackElo "2163"]
[PlyCount "57"]
[EventDate "2011.06.10"]
[EventType "swiss"]
[EventRounds "7"]
[EventCountry "NED"]
[Source "P.Boonen"]
[SourceDate "2012.01.01"]

1. Nf3 Nf6 2. c4 e6 3. g3 d5 4. Bg2 Be7 5. O-O O-O 6. b3 c5 7. e3 Nc6 8. Bb2 b6
9. Nc3 Bb7 10. cxd5 exd5 11. d4 Rc8 12. Rc1 Re8 13. Qd3 Nb4 14. Qb1 c4 15. Ne5
Nd7 16. bxc4 Nxe5 17. dxe5 Rxc4 18. Rfd1 Rc5 19. Ba3 a5 20. Bxb4 axb4 21. Qxb4
Qc7 22. Qb2 Rc8 23. Bh3 Ra8 24. Nb5 Qc6 25. Nd4 Rxc1 26. Rxc1 Qh6 27. Nf5 Qxh3
28. Nxe7+ Kh8 29. Qxb6 1-0

[Event "ENCI Limburg-open A"]
[Site "Maastricht"]
[Date "2011.06.11"]
[Round "3"]
[White "Tonndorf, Matthias"]
[Black "Meng, Roger"]
[Result "1-0"]
[WhiteElo "2196"]
[BlackElo "2255"]
[PlyCount "113"]
[EventDate "2011.06.10"]
[EventType "swiss"]
[EventRounds "7"]
[EventCountry "NED"]
[Source "P.Boonen"]
[SourceDate "2012.01.01"]

1. e4 c5 2. Nf3 e6 3. d4 cxd4 4. Nxd4 a6 5. c4 Nf6 6. Bd3 Nc6 7. Nf3 Be7 8. Nc3
d6 9. O-O O-O 10. Qe2 Qc7 11. Bf4 Nd7 12. Rac1 Qb8 13. Rfd1 b6 14. Bb1 Nde5 15.
Ne1 Bb7 16. b3 Qa7 17. Be3 Nd7 18. f4 Rad8 19. a3 Qb8 20. b4 Rfe8 21. Qf2 Ba8
22. Bd3 Na7 23. Nf3 Bf8 24. h3 Nc8 25. Kh1 Bb7 26. Qc2 g6 27. Bg1 Nf6 28. Bh2
Qa8 29. Rf1 Bh6 30. Rce1 Nh5 31. Nd4 Bg7 32. Nde2 Ne7 33. Ng3 Nxg3+ 34. Bxg3 d5
35. exd5 exd5 36. c5 bxc5 37. bxc5 d4 38. Na4 Nd5 39. Nb6 Nxb6 40. cxb6 Re3 41.
Kh2 Qb8 42. Rxe3 dxe3 43. Re1 Qd6 44. Rxe3 Bd4 45. Re1 Rc8 46. Qb1 Qf6 47. f5
Rc6 48. Bc7 Bxb6 49. Re8+ Kg7 50. Be5 Bc7 51. Bxc7 Rxc7 52. Qb4 gxf5 53. Qf8+
Kg6 54. Re3 Qb6 55. Rg3+ Kf6 56. Qh6+ Ke7 57. Qxb6 1-0

[Event "ENCI Limburg-open A"]
[Site "Maastricht"]
[Date "2011.06.11"]
[Round "3"]
[White "Turov, Maxim"]
[Black "Braun, Christian1"]
[Result "1-0"]
[WhiteElo "2634"]
[BlackElo "2388"]
[PlyCount "63"]
[EventDate "2011.06.10"]
[EventType "swiss"]
[EventRounds "7"]
[EventCountry "NED"]
[Source "P.Boonen"]
[SourceDate "2012.01.01"]

1. d4 g6 2. Nf3 Bg7 3. g3 b6 4. Bg2 Bb7 5. O-O Nf6 6. c4 O-O 7. Qc2 c5 8. d5 d6
9. Nc3 Na6 10. e4 Nc7 11. Re1 e5 12. Bg5 a6 13. Rab1 b5 14. b4 cxb4 15. Rxb4 a5
16. Rbb1 b4 17. a3 bxc3 18. Rxb7 Na6 19. Rb5 h6 20. Be3 Qc7 21. Bb6 Qxc4 22.
Bf1 Qc8 23. Re3 Nd7 24. Rxc3 Nac5 25. Bxa5 f5 26. Nd2 Qe8 27. Bb4 Qe7 28. Nb3
Nxe4 29. Rc7 Rad8 30. Na5 Qf6 31. Rbb7 Rf7 32. Nc6 1-0

[Event "ENCI Limburg-open A"]
[Site "Maastricht"]
[Date "2011.06.11"]
[Round "3"]
[White "Van Assendelft, Floris"]
[Black "Bok, Benjamin"]
[Result "0-1"]
[WhiteElo "2384"]
[BlackElo "2497"]
[PlyCount "70"]
[EventDate "2011.06.10"]
[EventType "swiss"]
[EventRounds "7"]
[EventCountry "NED"]
[Source "P.Boonen"]
[SourceDate "2012.01.01"]

1. e4 e5 2. Nf3 Nc6 3. Bb5 a6 4. Ba4 g6 5. O-O Bg7 6. c3 d6 7. h3 Nf6 8. Re1
O-O 9. d4 Bd7 10. d5 Ne7 11. c4 b5 12. Bb3 Ne8 13. Nc3 bxc4 14. Bxc4 Kh8 15. a4
f5 16. a5 Nf6 17. Ra3 h6 18. Qe2 c6 19. exf5 cxd5 20. Bxa6 d4 21. Na2 Nxf5 22.
g4 e4 23. gxf5 exf3 24. Qf1 Bxf5 25. b4 Be4 26. Rxe4 Nxe4 27. Bb7 d5 28. Bxa8
Qxa8 29. b5 d3 30. Qxd3 Qc8 31. Qd1 Qc5 32. Ra4 Bd4 33. Be3 Bxe3 34. fxe3 f2+
35. Kg2 Nd2 0-1

[Event "ENCI Limburg-open A"]
[Site "Maastricht"]
[Date "2011.06.11"]
[Round "3"]
[White "Van Dijk, Harold"]
[Black "Schroer, Marcel"]
[Result "1/2-1/2"]
[WhiteElo "2329"]
[BlackElo "2108"]
[PlyCount "122"]
[EventDate "2011.06.10"]
[EventType "swiss"]
[EventRounds "7"]
[EventCountry "NED"]
[Source "P.Boonen"]
[SourceDate "2012.01.01"]

1. d4 Nf6 2. Nf3 g6 3. Nc3 Bg7 4. Bf4 d6 5. Qd2 a6 6. e4 b5 7. e5 b4 8. Na4 Nd5
9. Bh6 Bxh6 10. Qxh6 Qd7 11. Bc4 Bb7 12. Bb3 Qg4 13. Ng5 Nf4 14. f3 Qh4+ 15.
Qxh4 Nxg2+ 16. Ke2 Nxh4 17. Bxf7+ Kf8 18. Bb3 Kg7 19. Rhf1 Nc6 20. Rad1 Nf5 21.
c3 bxc3 22. bxc3 Nd8 23. Nb2 a5 24. Bc4 h6 25. Ne6+ Nxe6 26. Bxe6 Ba6+ 27. Nd3
Rab8 28. Bxf5 gxf5 29. Ke3 Kf7 30. Rf2 Bxd3 31. Rxd3 a4 32. Kf4 e6 33. exd6
cxd6 34. d5 Rhe8 35. dxe6+ Rxe6 36. Rd5 Rc8 37. Rxf5+ Rf6 38. Rxf6+ Kxf6 39.
Rc2 Rc4+ 40. Ke3 d5 41. Kd3 Kf5 42. Rg2 Rh4 43. Rg4 Rxh2 44. Rxa4 Rf2 45. Ke3
Rc2 46. Kd4 Rd2+ 47. Ke3 Rc2 48. Kd3 Rf2 49. Ra8 Rxf3+ 50. Kd4 h5 51. a4 h4 52.
a5 Ke6 53. Ra6+ Kd7 54. Rh6 h3 55. Rh5 Kc6 56. a6 Kb6 57. Rh6+ Ka7 58. Rg6 Rf4+
59. Kxd5 Rh4 60. Rg1 h2 61. Rh1 Kxa6 1/2-1/2

[Event "ENCI Limburg-open A"]
[Site "Maastricht"]
[Date "2011.06.11"]
[Round "3"]
[White "Van Foreest, Jorden"]
[Black "Fier, Alexandr"]
[Result "0-1"]
[WhiteElo "2082"]
[BlackElo "2560"]
[PlyCount "60"]
[EventDate "2011.06.10"]
[EventType "swiss"]
[EventRounds "7"]
[EventCountry "NED"]
[Source "P.Boonen"]
[SourceDate "2012.01.01"]

1. c4 Nf6 2. Nf3 g6 3. g3 Bg7 4. Bg2 O-O 5. O-O d6 6. Nc3 e5 7. d4 Nbd7 8. b3
Re8 9. Qc2 exd4 10. Nxd4 Nc5 11. Rd1 a5 12. Bb2 Bg4 13. f3 Bd7 14. e4 c6 15.
Nde2 Qb6 16. Kh1 a4 17. Nxa4 Nxa4 18. bxa4 Nxe4 19. fxe4 Qxb2 20. Qxb2 Bxb2 21.
Rab1 Be5 22. Nf4 Rxa4 23. Nd3 Bc8 24. c5 Rd4 25. Nxe5 dxe5 26. Bf3 Red8 27. Kg1
Kf8 28. Kf2 Ke7 29. Ke3 Ra4 30. Rb2 Ra3+ 0-1

[Event "ENCI Limburg-open A"]
[Site "Maastricht"]
[Date "2011.06.11"]
[Round "3"]
[White "Van Oosterom, Chiel"]
[Black "Heltzel, Joost"]
[Result "1/2-1/2"]
[WhiteElo "2422"]
[BlackElo "2228"]
[PlyCount "57"]
[EventDate "2011.06.10"]
[EventType "swiss"]
[EventRounds "7"]
[EventCountry "NED"]
[Source "P.Boonen"]
[SourceDate "2012.01.01"]

1. e4 c5 2. Nf3 g6 3. d4 cxd4 4. Qxd4 Nf6 5. e5 Nc6 6. Qa4 Nd5 7. Qe4 Nb6 8.
Bf4 d5 9. Qe3 d4 10. Qd2 Qd5 11. Na3 Bf5 12. Be2 Bg7 13. O-O a6 14. Rfe1 O-O
15. Bh6 Rfd8 16. Bxg7 Kxg7 17. Bd3 Bxd3 18. cxd3 f5 19. h4 h6 20. Nc2 a5 21.
Qf4 Na4 22. h5 Nc5 23. Qg3 g5 24. Nxg5 hxg5 25. Qxg5+ Kh8 26. Qh6+ Kg8 27. Qg6+
Kh8 28. Qh6+ Kg8 29. Qg6+ 1/2-1/2

[Event "ENCI Limburg-open A"]
[Site "Maastricht"]
[Date "2011.06.11"]
[Round "3"]
[White "Van den Ouden, Lendert"]
[Black "Beukema, Stefan"]
[Result "0-1"]
[WhiteElo "2016"]
[BlackElo "2193"]
[PlyCount "74"]
[EventDate "2011.06.10"]
[EventType "swiss"]
[EventRounds "7"]
[EventCountry "NED"]
[Source "P.Boonen"]
[SourceDate "2012.01.01"]

1. Nf3 Nf6 2. c4 g6 3. d4 Bg7 4. g3 O-O 5. Bg2 d6 6. O-O Nbd7 7. Nc3 e5 8. e4
exd4 9. Nxd4 Re8 10. h3 a6 11. Be3 Rb8 12. a4 Nc5 13. Qc2 a5 14. Rad1 Nfd7 15.
Ndb5 b6 16. Rfe1 Bb7 17. f4 f6 18. Bf2 Na6 19. Nd4 Ndc5 20. Nd5 Bxd5 21. cxd5
Nb4 22. Qc4 Nxa4 23. Re2 Nc5 24. Be1 f5 25. Bc3 Qd7 26. Kh2 b5 27. Nxb5 Qxb5
28. Qxb5 Rxb5 29. e5 Nd7 30. exd6 Rxe2 31. dxc7 Rc5 32. Bxb4 axb4 33. d6 Rcc2
34. Ra1 Rxg2+ 35. Kh1 Rh2+ 36. Kg1 Bd4+ 37. Kf1 Rh1# 0-1

[Event "ENCI Limburg-open A"]
[Site "Maastricht"]
[Date "2011.06.11"]
[Round "3"]
[White "Vandevoort, Pascal"]
[Black "Offringa, Joost"]
[Result "1-0"]
[WhiteElo "2400"]
[BlackElo "2060"]
[PlyCount "43"]
[EventDate "2011.06.10"]
[EventType "swiss"]
[EventRounds "7"]
[EventCountry "NED"]
[Source "P.Boonen"]
[SourceDate "2012.01.01"]

1. e4 e5 2. Nf3 Nc6 3. Bb5 g6 4. O-O Nge7 5. d4 exd4 6. c3 d3 7. Qxd3 Bg7 8. e5
O-O 9. Bf4 Nf5 10. Nbd2 d6 11. exd6 Nxd6 12. Bxc6 bxc6 13. Ne5 Qf6 14. Qf3 Re8
15. Rfe1 Bb7 16. Ng4 Qh4 17. Bxd6 cxd6 18. Nc4 Rxe1+ 19. Rxe1 Qd8 20. Qf4 d5
21. Nd6 Qc7 22. Nf6+ 1-0

[Event "ENCI Limburg-open A"]
[Site "Maastricht"]
[Date "2011.06.11"]
[Round "3"]
[White "Vogel, Jaap"]
[Black "Dalemans, Diana"]
[Result "1/2-1/2"]
[WhiteElo "2223"]
[BlackElo "1947"]
[PlyCount "27"]
[EventDate "2011.06.10"]
[EventType "swiss"]
[EventRounds "7"]
[EventCountry "NED"]
[Source "P.Boonen"]
[SourceDate "2012.01.01"]

1. d4 Nf6 2. Nf3 g6 3. g3 Bg7 4. Bg2 O-O 5. O-O d6 6. c4 Nbd7 7. Qc2 e5 8. Rd1
Qe7 9. Nc3 c6 10. b3 Re8 11. dxe5 dxe5 12. e4 b6 13. Bb2 Nh5 14. a4 1/2-1/2

[Event "ENCI Limburg-open A"]
[Site "Maastricht"]
[Date "2011.06.11"]
[Round "3"]
[White "Vos, Tjark"]
[Black "Goes, Sten"]
[Result "0-1"]
[WhiteElo "1819"]
[BlackElo "2099"]
[PlyCount "64"]
[EventDate "2011.06.10"]
[EventType "swiss"]
[EventRounds "7"]
[EventCountry "NED"]
[Source "P.Boonen"]
[SourceDate "2012.01.01"]

1. e4 c5 2. Nf3 d6 3. d4 cxd4 4. Nxd4 Nf6 5. Nc3 a6 6. Bg5 e6 7. f4 Be7 8. Qf3
Qc7 9. O-O-O Nbd7 10. g4 h6 11. Bxf6 Bxf6 12. h4 Qb6 13. Nb3 Be7 14. Bg2 Nc5
15. g5 Bd7 16. Nd4 O-O-O 17. Rd2 Kb8 18. Rhd1 hxg5 19. hxg5 g6 20. Kb1 Ka8 21.
Qg3 Qa5 22. Bf3 Na4 23. Nxa4 Bxa4 24. Rh2 e5 25. Rxh8 Rxh8 26. Ne2 Bc6 27. Nc3
exf4 28. Qxf4 Qe5 29. Qxf7 Rf8 30. Qxg6 Rxf3 31. Nd5 Bxd5 32. exd5 Bxg5 0-1

[Event "ENCI Limburg-open A"]
[Site "Maastricht"]
[Date "2011.06.11"]
[Round "3"]
[White "Wislez, Francis"]
[Black "Beijerinck, Nick"]
[Result "0-1"]
[WhiteElo "2009"]
[BlackElo "2060"]
[PlyCount "38"]
[EventDate "2011.06.10"]
[EventType "swiss"]
[EventRounds "7"]
[EventCountry "NED"]
[Source "P.Boonen"]
[SourceDate "2012.01.01"]

1. e4 c5 2. Nf3 e6 3. d4 cxd4 4. Nxd4 Nc6 5. Nxc6 bxc6 6. Be2 Qc7 7. O-O Nf6 8.
Qd4 Rb8 9. Nc3 Bd6 10. g3 h5 11. f4 Rb4 12. Qe3 Qa5 13. Qf3 Bc5+ 14. Kh1 h4 15.
g4 d5 16. e5 Ne4 17. Nxe4 dxe4 18. Qg2 Ba6 19. c3 h3 0-1

[Event "ENCI Limburg-open A"]
[Site "Maastricht"]
[Date "2011.06.12"]
[Round "4"]
[White "Berg, Emanuel"]
[Black "Swinkels, Robin"]
[Result "1/2-1/2"]
[WhiteElo "2608"]
[BlackElo "2483"]
[PlyCount "79"]
[EventDate "2011.06.10"]
[EventType "swiss"]
[EventRounds "7"]
[EventCountry "NED"]
[Source "P.Boonen"]
[SourceDate "2012.01.01"]

1. e4 c5 2. Nf3 d6 3. d4 cxd4 4. Nxd4 Nf6 5. Nc3 Nc6 6. Bg5 e6 7. Qd2 Qb6 8.
Bxf6 gxf6 9. Nb3 Bd7 10. O-O-O O-O-O 11. Kb1 Kb8 12. f4 Na5 13. Be2 Nxb3 14.
cxb3 h5 15. Rhf1 Bc6 16. f5 Bh6 17. Qd3 Bg5 18. Qh3 d5 19. fxe6 fxe6 20. exd5
exd5 21. Qg3+ Qc7 22. Qxc7+ Kxc7 23. Bf3 d4 24. Bxc6 dxc3 25. Bf3 cxb2 26. Kxb2
h4 27. h3 Rxd1 28. Rxd1 Rd8 29. Bd5 Re8 30. Kc3 Re3+ 31. Kc4 Re2 32. a4 Rd2 33.
Re1 Rc2+ 34. Kd4 Rd2+ 35. Kc5 b6+ 36. Kc4 Rc2+ 37. Kd3 Rd2+ 38. Kc4 Rc2+ 39.
Kd3 Rd2+ 40. Kc4 1/2-1/2

[Event "ENCI Limburg-open A"]
[Site "Maastricht"]
[Date "2011.06.12"]
[Round "4"]
[White "Beukema, Stefan"]
[Black "Van Foreest, Jorden"]
[Result "1/2-1/2"]
[WhiteElo "2193"]
[BlackElo "2082"]
[PlyCount "94"]
[EventDate "2011.06.10"]
[EventType "swiss"]
[EventRounds "7"]
[EventCountry "NED"]
[Source "P.Boonen"]
[SourceDate "2012.01.01"]

1. e4 c6 2. d4 d5 3. exd5 cxd5 4. c4 Nf6 5. Nc3 Nc6 6. Bg5 dxc4 7. Bxc4 h6 8.
Be3 e6 9. Nf3 Be7 10. O-O O-O 11. a3 a6 12. Ba2 Qc7 13. Qc2 Rd8 14. Rac1 Bd6
15. Rfd1 Ne7 16. Bb1 Nf5 17. Qd3 Qe7 18. Ne4 Nxe4 19. Qxe4 g6 20. Bf4 Bd7 21.
Ne5 Ba4 22. Rd3 Bxe5 23. dxe5 Bc6 24. Qe2 Qh4 25. Bg3 Nxg3 26. Rxg3 Qf4 27. Re3
Rd7 28. g3 Qg5 29. h4 Qd8 30. h5 Rd2 31. Qg4 g5 32. Be4 Bxe4 33. Qxe4 Rxf2 34.
Qxb7 Rb8 35. Rd3 Qe8 36. Qxa6 Rfxb2 37. Rcd1 Qe7 38. Qa5 R2b5 39. Qc3 Qa7+ 40.
Kh1 Qb7+ 41. Kh2 Rb2+ 42. R3d2 Rb3 43. Qd4 Qf3 44. Qf2 Qxh5+ 45. Kg2 Qg6 46. a4
Qe4+ 47. Kh2 Qxe5 {.....} 1/2-1/2

[Event "ENCI Limburg-open A"]
[Site "Maastricht"]
[Date "2011.06.12"]
[Round "4"]
[White "Bok, Benjamin"]
[Black "Ernst, Sipke"]
[Result "1/2-1/2"]
[WhiteElo "2497"]
[BlackElo "2596"]
[PlyCount "47"]
[EventDate "2011.06.10"]
[EventType "swiss"]
[EventRounds "7"]
[EventCountry "NED"]
[Source "P.Boonen"]
[SourceDate "2012.01.01"]

1. e4 e5 2. Nf3 Nc6 3. Bb5 a6 4. Ba4 Nf6 5. O-O Nxe4 6. d4 b5 7. Bb3 d5 8. dxe5
Be6 9. Nbd2 Nc5 10. c3 Be7 11. Bc2 d4 12. Nb3 d3 13. Nxc5 dxc2 14. Qxd8+ Rxd8
15. Nxe6 fxe6 16. Be3 Rd5 17. Rfc1 Nxe5 18. Nxe5 Rxe5 19. Rxc2 Kf7 20. c4 Rc8
21. Rd1 Rd8 22. Rxd8 Bxd8 23. Kf1 b4 24. b3 1/2-1/2

[Event "ENCI Limburg-open A"]
[Site "Maastricht"]
[Date "2011.06.12"]
[Round "4"]
[White "Braun, Christian1"]
[Black "Ducarmon, Renzo"]
[Result "1-0"]
[WhiteElo "2388"]
[BlackElo "1960"]
[PlyCount "133"]
[EventDate "2011.06.10"]
[EventType "swiss"]
[EventRounds "7"]
[EventCountry "NED"]
[Source "P.Boonen"]
[SourceDate "2012.01.01"]

1. Nf3 Nf6 2. b3 g6 3. Bb2 Bg7 4. g3 O-O 5. Bg2 d6 6. c4 Nbd7 7. O-O c6 8. d4
Qc7 9. Nc3 e5 10. Rc1 Re8 11. e4 exd4 12. Nxd4 Nc5 13. Re1 a5 14. Qc2 Be6 15.
Rcd1 Nfd7 16. h3 Nb6 17. Kh2 a4 18. f4 axb3 19. axb3 f6 20. Nxe6 Nxe6 21. Re2
Nc5 22. Red2 Red8 23. h4 Qe7 24. Ne2 Re8 25. Nc3 Red8 26. Re2 Qc7 27. Ra1 Rxa1
28. Bxa1 Nc8 29. Nb1 Qb6 30. Nd2 Ne7 31. Bd4 Qb4 32. Qb2 Rf8 33. Bh3 Nd3 34.
Qc2 Nc5 35. Bc3 Qb6 36. b4 Na6 37. Qb2 Qd8 38. Nf3 Nc7 39. Rd2 d5 40. Nd4 f5
41. cxd5 cxd5 42. exf5 gxf5 43. b5 Qd7 44. Bg2 Rc8 45. Qb3 Ne6 46. Ne2 Rd8 47.
Ba5 Ra8 48. Bb6 Qd6 49. Bf2 Ra3 50. Qc2 Ra4 51. Qd3 Ra3 52. Qb1 Ra1 53. Qc2 Ra5
54. Nc3 Nc7 55. b6 Na6 56. Nd1 Nc5 57. Ne3 Ne4 58. Bxe4 fxe4 59. Nc4 Qb4 60.
Nxa5 Qxa5 61. Bc5 Nc6 62. Rxd5 Qa8 63. Qxe4 Qa2+ 64. Kh3 Qa8 65. Qe6+ Kh8 66.
h5 h6 67. Rd7 1-0

[Event "ENCI Limburg-open A"]
[Site "Maastricht"]
[Date "2011.06.12"]
[Round "4"]
[White "Broekmeulen, Jasper"]
[Black "Woestenburg, Jochem"]
[Result "1-0"]
[WhiteElo "2390"]
[BlackElo "2032"]
[PlyCount "41"]
[EventDate "2011.06.10"]
[EventType "swiss"]
[EventRounds "7"]
[EventCountry "NED"]
[Source "P.Boonen"]
[SourceDate "2012.01.01"]

1. e4 c5 2. Nf3 d6 3. d4 cxd4 4. Nxd4 Nf6 5. Nc3 a6 6. f4 Qc7 7. Qf3 g6 8. Be3
Bg7 9. h3 Nc6 10. O-O-O O-O 11. g4 e5 12. Nxc6 bxc6 13. fxe5 dxe5 14. Bc4 Re8
15. Na4 Be6 16. Bxe6 Rxe6 17. Rhf1 Bf8 18. Nb6 Rd8 19. Rxd8 Qxd8 20. g5 c5 21.
Nc4 1-0

[Event "ENCI Limburg-open A"]
[Site "Maastricht"]
[Date "2011.06.12"]
[Round "4"]
[White "Brookes, Christopher"]
[Black "Tomov, Georgi"]
[Result "1-0"]
[WhiteElo "2052"]
[BlackElo "2278"]
[PlyCount "103"]
[EventDate "2011.06.10"]
[EventType "swiss"]
[EventRounds "7"]
[EventCountry "NED"]
[Source "P.Boonen"]
[SourceDate "2012.01.01"]

1. e4 e5 2. Nf3 Nc6 3. Bb5 Nf6 4. O-O Nxe4 5. d4 Nd6 6. Bxc6 dxc6 7. dxe5 Nf5
8. Qxd8+ Kxd8 9. Rd1+ Ke8 10. Nc3 Be7 11. b3 h6 12. Ne4 a5 13. a4 b6 14. Bb2
Be6 15. Rd2 Rd8 16. Nd4 Nxd4 17. Bxd4 c5 18. Be3 Rxd2 19. Nxd2 Kd7 20. c4 f6
21. Bf4 g5 22. Bg3 Rd8 23. Kf1 f5 24. f4 Ke8 25. Ke2 Bc8 26. Rd1 Bb7 27. Nf3
Rxd1 28. Kxd1 Kf7 29. fxg5 hxg5 30. e6+ Kxe6 31. Bxc7 g4 32. Ne1 Bd6 33. Bxb6
Bxh2 34. Bxc5 Be5 35. Bb6 Bc3 36. Nd3 Kd6 37. Kc2 Bg7 38. g3 Be4 39. Kd2 Bxd3
40. Kxd3 Be5 41. Bxa5 Bxg3 42. Bb6 Kc6 43. a5 Be1 44. Ke3 Kb7 45. Kf4 g3 46.
Kf3 Kc6 47. Bd8 f4 48. a6 Bf2 49. b4 Kd7 50. Bg5 Kc7 51. Bxf4+ Kb6 52. Be3+ 1-0

[Event "ENCI Limburg-open A"]
[Site "Maastricht"]
[Date "2011.06.12"]
[Round "4"]
[White "Coenen, Michael"]
[Black "Schleipfenbauer, Frank"]
[Result "1-0"]
[WhiteElo "2337"]
[BlackElo "2124"]
[PlyCount "79"]
[EventDate "2011.06.10"]
[EventType "swiss"]
[EventRounds "7"]
[EventCountry "NED"]
[Source "P.Boonen"]
[SourceDate "2012.01.01"]

1. e4 Nf6 2. e5 Nd5 3. d4 d6 4. c4 Nb6 5. exd6 exd6 6. Nf3 Bg4 7. h3 Bxf3 8.
Qxf3 Nc6 9. Be3 Be7 10. Nc3 O-O 11. Be2 Bf6 12. Rd1 g6 13. O-O Bg7 14. c5 Nc8
15. b4 N8e7 16. b5 Na5 17. Bg5 f6 18. Bd2 Nf5 19. g4 Ne7 20. Nd5 b6 21. Nf4 Qc8
22. Bxa5 bxa5 23. Bc4+ Kh8 24. Rfe1 Ng8 25. Be6 Qd8 26. Bd5 Rb8 27. Ne6 Qc8 28.
Nxf8 Qxf8 29. Bxg8 Qxg8 30. Qc6 Qf7 31. cxd6 cxd6 32. Qxd6 Rb7 33. Qc6 Bf8 34.
d5 Rb6 35. Qe8 Kg8 36. a4 Rd6 37. Rc1 Rd7 38. d6 Kg7 39. Qxf7+ Kxf7 40. Rc7 1-0

[Event "ENCI Limburg-open A"]
[Site "Maastricht"]
[Date "2011.06.12"]
[Round "4"]
[White "Cornelisse, John"]
[Black "Rietveld, Leo"]
[Result "1/2-1/2"]
[WhiteElo "2210"]
[BlackElo "2055"]
[PlyCount "119"]
[EventDate "2011.06.10"]
[EventType "swiss"]
[EventRounds "7"]
[EventCountry "NED"]
[Source "P.Boonen"]
[SourceDate "2012.01.01"]

1. c4 e6 2. g3 Nf6 3. Bg2 d5 4. Nf3 c5 5. cxd5 exd5 6. d4 Nc6 7. O-O Bd6 8.
dxc5 Bxc5 9. Bg5 Be6 10. Nc3 Be7 11. Qa4 O-O 12. Rfd1 Qb6 13. Qb5 h6 14. Bf4
Bc5 15. Qxb6 axb6 16. Ne5 Rfd8 17. Nd3 d4 18. Nb5 Rxa2 19. Rxa2 Bxa2 20. Rc1
Bd5 21. Nxc5 bxc5 22. Rxc5 g5 23. Bc7 Rd7 24. f3 Bb3 25. Bf1 Ba4 26. Be5 Nxe5
27. Rxe5 Kg7 28. Kf2 g4 29. Ke1 gxf3 30. exf3 Bxb5 31. Bxb5 Rd5 32. Rxd5 Nxd5
33. Kd2 Nb4 34. h4 Kf6 35. Bc4 Ke7 36. g4 f6 37. f4 b6 38. Bd3 Nd5 39. g5 fxg5
40. fxg5 hxg5 41. hxg5 Nf4 42. Bf5 Kd6 43. b3 Ke5 44. Bd7 Kd6 45. Bc8 Ke5 46.
Bg4 Kd6 47. b4 Ke5 48. b5 Kd6 49. Bf5 Ke5 50. Bd7 Kd6 51. Bc6 Ke5 52. Be8 Kf5
53. g6 Nxg6 54. Kd3 Ne7 55. Kxd4 Ke6 56. Kc4 Kd6 57. Bh5 Nc8 58. Bg4 Na7 59.
Bh3 Nxb5 60. Kxb5 1/2-1/2

[Event "ENCI Limburg-open A"]
[Site "Maastricht"]
[Date "2011.06.12"]
[Round "4"]
[White "Cox, Jan"]
[Black "Hetey, Laszlo"]
[Result "1/2-1/2"]
[WhiteElo "1955"]
[BlackElo "2337"]
[PlyCount "63"]
[EventDate "2011.06.10"]
[EventType "swiss"]
[EventRounds "7"]
[EventCountry "NED"]
[Source "P.Boonen"]
[SourceDate "2012.01.01"]

1. e4 e5 2. Nf3 Nc6 3. Bb5 Nf6 4. O-O Nxe4 5. d4 Be7 6. d5 Nb8 7. Nxe5 O-O 8.
Qf3 Nf6 9. Bg5 d6 10. Nd3 Nxd5 11. Qxd5 Bxg5 12. f4 Bf6 13. Qf3 c6 14. Ba4 Qb6+
15. Kh1 Bxb2 16. Nxb2 Qxb2 17. Nc3 d5 18. Rab1 Qa3 19. Nxd5 Qxa4 20. Nc7 Na6
21. Nxa8 Be6 22. Rxb7 Rxa8 23. Qe3 Nb4 24. Rb1 a5 25. Qa7 Rf8 26. R7xb4 Qxc2
27. R4b2 Qe4 28. Rb8 g6 29. Rxf8+ Kxf8 30. Qc5+ Kg7 31. Qc3+ Kh6 32. Re1
1/2-1/2

[Event "ENCI Limburg-open A"]
[Site "Maastricht"]
[Date "2011.06.12"]
[Round "4"]
[White "Dalemans, Diana"]
[Black "Bomans, Arno"]
[Result "1/2-1/2"]
[WhiteElo "1947"]
[BlackElo "2200"]
[PlyCount "109"]
[EventDate "2011.06.10"]
[EventType "swiss"]
[EventRounds "7"]
[EventCountry "NED"]
[Source "P.Boonen"]
[SourceDate "2012.01.01"]

1. e4 c5 2. Nf3 d6 3. d4 cxd4 4. Nxd4 Nf6 5. Nc3 Nc6 6. Bg5 e6 7. Qd2 a6 8.
O-O-O Bd7 9. f4 h6 10. Bh4 g5 11. fxg5 Ng4 12. Be2 Nge5 13. Nf3 Be7 14. Bg3
hxg5 15. Nxe5 Nxe5 16. Qd4 Qa5 17. Rhf1 f6 18. Rh1 b5 19. h4 gxh4 20. Rxh4 Rxh4
21. Bxh4 b4 22. Nb1 Rc8 23. Bh5+ Kd8 24. Bf2 Ba4 25. b3 Bb5 26. Qa7 Nd7 27. Rh1
Qc7 28. Qxc7+ Kxc7 29. Bg4 f5 30. exf5 Rg8 31. Bf3 exf5 32. Rh7 Bf6 33. a3 a5
34. Be1 Bc6 35. Bxc6 Kxc6 36. g3 Bg5+ 37. Kb2 Re8 38. Bd2 Bf6+ 39. Kc1 Be5 40.
axb4 axb4 41. Rh5 Rf8 42. Bf4 Kd5 43. Nd2 Bxf4 44. gxf4 Nc5 45. Rh6 Ne4 46. Nc4
Rg8 47. Ne3+ Kc5 48. Rh1 Ng3 49. Re1 Re8 50. Kd2 Ne4+ 51. Kd3 Nc3 52. Ra1 Nb5
53. Nxf5 Rf8 54. Ng7 Rf7 55. Rg1 1/2-1/2